000 00644nam a22002177a 4500
003 UA-OsUOA
001 73449
007 ta
008 20110301b un ||||| |||| 00| 0 ukr d
100 _aПравик Ю.
090 _a330(477)
_bП68
942 _cSA
040 _aUA-OsUOA
_bukr
_cUA-OsUOA
_dUA-OsUOA
245 _aБанківська система України в період фінансової кризи: впровадження антикризових заходів
300 _aС.76-89
955 _a0
041 _aukr
080 _a330(477)
773 0 _w73445
650 7 _a330 Економіка взагалі
_2UDC
999 _c359734
_d359734